[Event "AUTO-OPEN-4236"]
[Site "http://www.queenalice.com/game.php?id=1635707"]
[Date "2020.12.7"]
[Round "1"]
[White "MarceloLopes"]
[Black "pomar"]
[Result "1-0"]
[WhiteElo "2007"]
[BlackElo "1973"]

1. e4 e6 2. d4 d5 3. Nc3 c5 4. exd5 exd5 5. Be3 c4 6. b3 Bb4 7. Bd2 Qa5 8. Qf3
Be6 9. bxc4 Nc6 10. cxd5 Nxd4 11. Qd3 Bxc3 12. Bxc3 Nxc2+ 13. Qxc2 Qxd5 14. Bxg7
Rc8 15. Qd2 Qe4+ 16. Qe3 Qb4+ 17. Qd2 Qe4+ 18. Ne2 Rc2 19. Qe3 Qb4+ 20. Nc3 Ke7
21. Rc1 Rxc1+ 22. Qxc1 Nf6 23. Bxh8 Bxa2 24. Bxf6+ Kxf6 25. Qd2 Bb3 26. Nd5+ 1-0

[Event "AUTO-OPEN-4236"]
[Site "http://www.queenalice.com/game.php?id=1635728"]
[Date "2020.12.7"]
[Round "1"]
[White "Pin"]
[Black "MarceloLopes"]
[Result "1/2-1/2"]
[WhiteElo "2043"]
[BlackElo "2041"]

1. e4 c5 2. Nf3 d6 3. d4 cxd4 4. Nxd4 Nf6 5. Nc3 a6 6. Bg5 e6 7. f4 Be7 8. Qf3
Qc7 9. O-O-O Nbd7 10. g4 b5 11. Bxf6 Nxf6 12. g5 Nd7 13. f5 Bxg5+ 14. Kb1 Ne5
15. Qh5 Qd8 16. Nxe6 Bxe6 17. fxe6 g6 18. exf7+ Kxf7 19. Qh3 b4 20. Nd5 Rb8 21.
Bxa6 Ra8 22. Rhf1+ Kg7 23. Bd3 Qa5 24. Bc4 Nxc4 25. Qd7+ Kh6 26. Qh3+ Kg7 27.
Qd7+ Kh6 28. Qh3+ Kg7 1/2-1/2

[Event "AUTO-OPEN-4236"]
[Site "http://www.queenalice.com/game.php?id=1635729"]
[Date "2020.12.7"]
[Round "1"]
[White "MarceloLopes"]
[Black "Pin"]
[Result "0-1"]
[WhiteElo "2062"]
[BlackElo "1943"]

1. e4 c5 2. Nf3 d6 3. d4 cxd4 4. Nxd4 Nf6 5. Nc3 a6 6. Bg5 e6 7. f4 Qc7 8. Qf3
Nbd7 9. O-O-O b5 10. Bd3 Bb7 11. Rhe1 Be7 12. Qg3 b4 13. f5 bxc3 14. fxe6 cxb2+
15. Kb1 Ne5 16. exf7+ Nxf7 17. Ne6 Qb6 18. e5 dxe5 19. Rxe5 Nxe5 20. Qxe5 Rd8
21. Bb5+ axb5 22. Rxd8+ Bxd8 23. Be3 Qa5 24. Nc5+ Kf7 25. Nxb7 Bc7 26. Qxb2 Qe1+
27. Bc1 Bf4 28. g3 Bxc1 29. Qb3+ Kg6 30. Qd3+ Kh6 31. Qf3 Ba3+ 0-1

[Event "AUTO-OPEN-4236"]
[Site "http://www.queenalice.com/game.php?id=1635740"]
[Date "2020.12.7"]
[Round "1"]
[White "Carlos19"]
[Black "MarceloLopes"]
[Result "0-1"]
[WhiteElo "1465"]
[BlackElo "2005"]

1. e4 c5 2. Bc4 e6 3. Nc3 Nf6 4. Nf3 d5 5. exd5 exd5 6. Bb5+ Bd7 7. Ne5 d4 8.
Bxd7+ Nbxd7 9. Nxd7 Qxd7 10. Ne2 Qf5 11. g3 Ng4 12. Nf4 O-O-O 13. Qe2 Bd6 14. d3
Rhe8 15. Be3 Nxe3 16. Qh5 Nxc2+ 17. Kf1 Qxh5 18. Nxh5 Nxa1 19. Nxg7 Re5 20. f4
Rd5 21. Kf2 Nc2 22. h4 Rg8 23. Rc1 Nb4 24. a3 Nxd3+ 0-1

[Event "AUTO-OPEN-4236"]
[Site "http://www.queenalice.com/game.php?id=1635741"]
[Date "2020.12.7"]
[Round "1"]
[White "MarceloLopes"]
[Black "Carlos19"]
[Result "1-0"]
[WhiteElo "2022"]
[BlackElo "1471"]

1. e4 e5 2. Nf3 Nc6 3. Bb5 a6 4. Bxc6 bxc6 5. Nxe5 Nf6 6. Nc3 Bb4 7. O-O c5 8.
d4 d6 9. Nc6 Qd7 10. d5 Bb7 11. a3 Bxc3 12. bxc3 Bxc6 13. dxc6 Qxc6 14. f3 O-O
15. Rb1 Rab8 16. Bf4 Rxb1 17. Qxb1 h6 18. Qe1 Re8 19. g4 d5 20. e5 Nd7 21. Bg3
f6 22. f4 fxe5 23. fxe5 c4 24. Bf2 Rxe5 25. Qc1 Qa4 26. Bd4 Rg5 27. h3 c5 28.
Be3 Rg6 29. Qd1 Nb6 30. Bxc5 Nd7 31. Qxd5+ Kh7 32. Rf2 Rg5 33. Qe4+ Rg6 34. Qf5
Qa5 35. Qxd7 Qxc5 36. Kg2 h5 37. Rf5 Qc6+ 38. Qxc6 Rxc6 39. Rxh5+ Kg8 40. Kf3
Rf6+ 41. Kg3 Rd6 42. Rc5 Rd2 43. Rxc4 Rxc2 44. Kh4 Rb2 45. Ra4 Rb3 46. Rxa6 Rxc3
47. a4 Rc5 48. g5 Kh7 49. Kh5 Rd5 50. h4 Re5 51. Rb6 Ra5 52. Re6 Rc5 53. Kg4 Ra5
54. Re4 Rc5 55. h5 Ra5 56. g6+ Kh6 57. Rf4 Rc5 58. Re4 Rg5+ 59. Kh3 Rxh5+ 60.
Rh4 Kxg6 61. Rxh5 Kxh5 62. a5 g5 63. a6 g4+ 64. Kg3 Kg5 65. a7 Kf5 66. a8=Q Kg5
67. Qc8 Kf6 68. Kxg4 Ke7 69. Qc6 Kd8 70. Qb7 Ke8 71. Kf5 Kf8 72. Kf6 1-0

[Event "AUTO-OPEN-4242"]
[Site "http://www.queenalice.com/game.php?id=1637923"]
[Date "2020.12.28"]
[Round "1"]
[White "Torbencarlsen"]
[Black "MarceloLopes"]
[Result "0-1"]
[WhiteElo "2309"]
[BlackElo "2026"]

1. c4 Nf6 2. g3 e5 3. Nc3 d5 4. cxd5 Nxd5 5. Bg2 Nb6 6. Nf3 Nc6 7. O-O Be7 8. d3
O-O 9. Be3 Bf6 10. Rc1 Nd4 11. Ne4 Nxf3+ 12. Bxf3 Nd5 13. Bc5 Be7 14. Qb3 c6 15.
d4 exd4 16. Bxd4 Be6 17. Qxb7 Nb4 18. Bc5 Bxc5 19. Nxc5 Nxa2 20. Nxe6 Qc8 21.
Qxc8 Rfxc8 22. Rc4 fxe6 23. Ra1 Nb4 24. Rxb4 a5 25. Rc4 Ra6 0-1

[Event "AUTO-OPEN-4242"]
[Site "http://www.queenalice.com/game.php?id=1637924"]
[Date "2020.12.28"]
[Round "1"]
[White "MarceloLopes"]
[Black "Torbencarlsen"]
[Result "1-0"]
[WhiteElo "2053"]
[BlackElo "2289"]

1. e4 e5 2. Nf3 Nc6 3. Bb5 a6 4. Ba4 Nf6 5. O-O b5 6. Bb3 Bb7 7. d3 Be7 8. Nc3
d6 9. Ng5 O-O 10. a3 Nd4 11. Ba2 Qd7 12. Nd5 Nxd5 13. exd5 h6 14. c3 hxg5 15.
cxd4 exd4 16. b4 Qf5 17. Re1 Bf6 18. Bb2 Bxd5 19. Bxd5 Qxd5 20. Rc1 c5 21. Re4
c4 22. Rg4 c3 23. Ba1 Qa2 24. Rg3 Qxa3 25. Rh3 a5 26. g3 g6 27. f4 g4 28. Rh4
1-0

[Event "AUTO-OPEN-4242"]
[Site "http://www.queenalice.com/game.php?id=1637947"]
[Date "2020.12.28"]
[Round "1"]
[White "MarceloLopes"]
[Black "cerenzo72"]
[Result "0-1"]
[WhiteElo "2041"]
[BlackElo "2125"]

1. e4 c5 2. Nf3 e6 3. d4 cxd4 4. Nxd4 Nc6 5. Nc3 Nf6 6. Bg5 Be7 7. a3 O-O 8.
Nxc6 bxc6 9. e5 Nd5 10. Bxe7 Nxe7 11. g3 Qa5 12. f4 Nd5 13. b4 Qb6 14. Nxd5 cxd5
15. g4 Qe3+ 16. Qe2 Qxf4 17. h4 Qg3+ 18. Kd1 Qf4 19. h5 Qd4+ 20. Qd3 Qxa1+ 21.
Kd2 Qxe5 22. Bg2 Qg5+ 23. Ke1 Qxg4 24. Bh3 Qxh5 25. Bg2 Qe5+ 26. Kd2 f5 27. Re1
Qf6 28. Bxd5 Rb8 29. Bb3 d5 30. Ba4 Bb7 31. Bd7 e5 32. Rf1 Qg5+ 33. Kc3 e4 34.
Qd4 f4 35. Rg1 Qh6 36. Qe5 Qf6 37. Kd4 Qxe5+ 38. Kxe5 f3 39. Be6+ Kh8 40. Bf5
Rbe8+ 41. Kf4 g6 42. Kg5 gxf5 43. Kh6 Rg8 0-1

[Event "AUTO-OPEN-4242"]
[Site "http://www.queenalice.com/game.php?id=1637948"]
[Date "2020.12.28"]
[Round "1"]
[White "cerenzo72"]
[Black "MarceloLopes"]
[Result "0-1"]
[WhiteElo "2106"]
[BlackElo "2044"]

1. b3 e5 2. Bb2 Nc6 3. e3 Nf6 4. Bb5 d6 5. d4 a6 6. Bxc6+ bxc6 7. dxe5 dxe5 8.
Bxe5 Qxd1+ 9. Kxd1 Ng4 10. Bg3 Bd6 11. Ke2 Bxg3 12. hxg3 O-O 13. Nd2 a5 14. c4
Rd8 15. Ngf3 Bb7 16. c5 Bc8 17. Nd4 Rd5 18. Nxc6 Rxc5 19. Rac1 Ba6+ 20. Kf3 Rxc6
21. Kxg4 Be2+ 22. Nf3 Rg6+ 23. Kf4 Rf6+ 24. Ke4 Rd8 25. Rh5 Bd3+ 26. Ke5 Re6+
27. Kf4 Re4+ 0-1

[Event "AUTO-OPEN-4236"]
[Site "http://www.queenalice.com/game.php?id=1648497"]
[Date "2021.4.3"]
[Round "2"]
[White "RaulSoft"]
[Black "MarceloLopes"]
[Result "1-0"]
[WhiteElo "2654"]
[BlackElo "2028"]

1. d4 Nf6 2. c4 e6 3. Nf3 d5 4. g3 Be7 5. Bg2 O-O 6. O-O dxc4 7. Qc2 a6 8. a4
Bd7 9. Qxc4 Bc6 10. Bf4 a5 11. Nc3 Bd6 12. Ne5 Bxg2 13. Kxg2 Nh5 14. Bc1 c5 15.
Rd1 cxd4 16. Qxd4 f6 17. Nc4 Nc6 18. Qxd6 Rc8 19. Qxe6+ 1-0

[Event "AUTO-OPEN-4236"]
[Site "http://www.queenalice.com/game.php?id=1648498"]
[Date "2021.4.3"]
[Round "2"]
[White "MarceloLopes"]
[Black "RaulSoft"]
[Result "0-1"]
[WhiteElo "2078"]
[BlackElo "2680"]

1. e4 e5 2. Nf3 Nc6 3. Bb5 a6 4. Ba4 Nf6 5. O-O b5 6. Bb3 Bb7 7. d3 Be7 8. Nc3
d6 9. Bg5 Na5 10. Nh4 Nxb3 11. axb3 Nxe4 12. Bxe7 Qxe7 13. Nf5 Nxc3 14. bxc3 Qg5
15. Ng3 O-O 16. Re1 f5 17. b4 f4 18. Ne4 Bxe4 19. Rxe4 f3 20. g3 d5 21. Re3 Qf5
22. h3 Rf6 23. Kh2 Rd8 24. Kg1 Qxh3 25. Rxf3 Rh6 0-1

[Event "AUTO-OPEN-4236"]
[Site "http://www.queenalice.com/game.php?id=1648505"]
[Date "2021.4.3"]
[Round "2"]
[White "MarceloLopes"]
[Black "ratorei"]
[Result "1-0"]
[WhiteElo "2051"]
[BlackElo "2118"]

1. e4 c5 2. Nf3 d6 3. d4 cxd4 4. Nxd4 Nc6 5. Nc3 Nf6 6. Bg5 e6 7. Qd2 Be7 8.
O-O-O a6 9. f4 Qa5 10. Nxc6 bxc6 11. Bxf6 gxf6 12. g3 Rb8 13. g4 h6 14. Bg2 Qb4
15. b3 a5 16. Ne2 Qa3+ 17. Kb1 d5 18. Nd4 Bd7 19. exd5 cxd5 20. Rhe1 a4 21. Qc1
Qc5 22. Qb2 Rg8 23. h3 Bd6 24. Nf5 Be7 25. Bxd5 axb3 26. axb3 Kf8 27. Nxe7 Qxe7
28. Qd4 Rb4 29. Qc3 Kg7 30. g5 Rxf4 31. gxh6+ Kh8 32. Rd4 Rf5 33. h7 Rgg5 34.
Be4 Ra5 35. h4 Rge5 36. Bd3 Rec5 37. Qd2 Bc6 38. b4 Rd5 39. Rg1 Ra8 40. Rdg4
Rdd8 41. c3 Qa7 42. Rg8+ Rxg8 43. hxg8=R+ 1-0

[Event "AUTO-OPEN-4236"]
[Site "http://www.queenalice.com/game.php?id=1648506"]
[Date "2021.4.3"]
[Round "2"]
[White "ratorei"]
[Black "MarceloLopes"]
[Result "1-0"]
[WhiteElo "2128"]
[BlackElo "2070"]

1. e4 c5 2. Nf3 d6 3. d4 cxd4 4. Nxd4 Nf6 5. Be2 e6 6. Bg5 Be7 7. Nc3 e5 8. Nf3
O-O 9. Bxf6 Bxf6 10. Nd5 Nd7 11. O-O b6 12. Nxf6+ Qxf6 13. Qd5 Rb8 14. Rad1 Qg6
15. Qxd6 Qxd6 16. Rxd6 Re8 17. Bb5 Rd8 18. Rfd1 f6 19. Bxd7 Bb7 20. Ba4 Rxd6 21.
Rxd6 Bxe4 22. Nd2 Bf5 23. Bb3+ Kf8 24. f3 Ke7 25. Rc6 Rd8 26. Nc4 g5 27. Rc7+
Kf8 28. c3 e4 29. fxe4 Bxe4 30. Rxa7 b5 31. Ne3 f5 32. Nxf5 Bxf5 33. Rf7+ Ke8
34. Rxf5 g4 35. Rxb5 Rd2 36. Rg5 h5 37. Rxh5 Ke7 38. Rg5 Kf6 39. Rxg4 Rxb2 40.
h4 Kf5 41. Rg8 Kf4 42. h5 Re2 43. h6 Re7 44. Rg7 Re5 45. h7 Rh5 46. c4 Ke5 47.
Bc2 Kf6 48. Rg8 1-0